000
00420nam a22001337a 4500
020
_a
8175543345
082
_a
370.72
100
_a
Andy Green
245
_a
Creativity in Public Relations. PR in Practice.
260
_a
New Delhi
_b
Kogan page
_c
2008
300
_a
244p
942
_c
BK
999
_c
3555
_d
3555